Loading...
Informal and incidental learning in the workplace
| Main Authors: | , |
|---|---|
| Format: | Printed Book |
| Language: | English |
| Published: |
London, Routledge
1990 |
| Subjects: |
| LEADER | 007030000a22002410004500 | ||
|---|---|---|---|
| 020 | |a 0415031419 | ||
| 041 | |a eng | ||
| 082 | |a 658.312 4 N0 | ||
| 100 | |a Marsick, Victoria J |9 105950 | ||
| 100 | |a Watkins, Karen E |9 123195 | ||
| 245 | |a Informal and incidental learning in the workplace | ||
| 260 | |a London, Routledge | ||
| 260 | |a 1990 | ||
| 465 | |a R 35 | ||
| 650 | |a Adult education |9 123196 | ||
| 650 | |a Employees |9 123197 | ||
| 650 | |a Incidental learning |9 105954 | ||
| 650 | |a Informal learning |9 123198 | ||
| 650 | |a Learning |9 123199 | ||
| 650 | |a Training |9 123200 | ||
| 942 | |c BK | ||
| 999 | |c 168949 |d 168945 | ||
| 952 | |0 0 |1 0 |4 0 |7 0 |9 167365 |a SPS |b SPS |d 2019-04-16 |l 0 |p SPS00341 |r 2019-04-16 |w 2019-04-16 |y BK | ||